RESEARCH METHODOLOGY FOR HEALTH PROFESSIONAL (Record no. 10552)

MARC details
000 -LEADER
fixed length control field 00343nam a22001457a 4500
003 - CONTROL NUMBER IDENTIFIER
control field SGT
020 ## - INTERNATIONAL STANDARD BOOK NUMBER
International Standard Book Number 978-93-5025-101-0
082 ## - DEWEY DECIMAL CLASSIFICATION NUMBER
Classification number 610
Item number R13G
100 ## - MAIN ENTRY--PERSONAL NAME
Personal name GOYAL, R.C.
245 ## - TITLE STATEMENT
Title RESEARCH METHODOLOGY FOR HEALTH PROFESSIONAL
260 ## - PUBLICATION, DISTRIBUTION, ETC. (IMPRINT)
Place of publication, distribution, etc INDIA
Name of publisher, distributor, etc JAYPEE
Year of Publication 2013
300 ## - PAGE DESCRIPTION
No. of Pages 288
650 ## - SUBJECT ADDED ENTRY--TOPICAL TERM
Topical term or geographic name as entry element RESEARCH METHODOLOGY
942 ## - ADDED ENTRY ELEMENTS (KOHA)
Source of classification or shelving scheme Dewey Decimal Classification
Koha item type Books
942 ## - ADDED ENTRY ELEMENTS (KOHA)
-- 10
Holdings
Withdrawn status Lost status Source of classification or shelving scheme Damaged status Not for loan Collection code Home library Current library Shelving location Date acquired Vendor Name Cost, normal purchase price Volume Information (Serial or Books or Non-Book Material) SGTU Bill Number Total Checkouts Full call number Accession No. (Barcode) Date last seen Date last borrowed Bill Date Koha item type Total Renewals
    Dewey Decimal Classification     MEDICAL SGT Medical Library SGT Medical Library Text Book 20/01/2017 ABC 275.00 ABC SGTU 6440 13 610 R13G FM7911 31/03/2026 14/03/2026 04/01/2016 Books  
    Dewey Decimal Classification     MEDICAL SGT Medical Library SGT Medical Library Text Book 20/01/2017 ABC 275.00 ABC SGTU 6440 7 610 R13G FM7912 22/09/2025 19/09/2025 04/01/2016 Books 1